000 00843nam a2200277Ia 4500
003 OSt
005 20220926005647.0
006 a|||||r|||| 00| 0
007 ta
008 220923b |||||||| |||| 00| 0 eng d
020 _a9780071333726
_c544
037 _b359, 17/03/2015, CLASSIC BOOKS SERVICES
_cGeneral Book
040 _aRTL
_cRTL
_beng
041 _2eng
_aeng
082 _aX9:8, P5
100 _aFRASER Ian
_935004
245 0 _aEconomics for business
250 _a3rd
260 _a New Delhi
_bTata McGraw Hill
_c2005
300 _axx,524p.
_ccm.
500 _aBibliography: P 295-304
700 _a FRASER Simon
_9310779
700 _a GIONEA John
_9305288
942 _hX9:8, P5
_cGB
_2CC
999 _c614710
_d614710